000 00851nas a2200277 4500
001 BR2013003825
003 BR-BrBNA
005 20231205122327.0
007 ta
008 230509b bl.|||p| |||| 00| 00por d
040 _aBR-BrBNA
_bpor
_cBiblioteca Nacional de Agricultura
041 _a(En)
072 _aF30
100 1 _aSiqueira, M.V.B.M.
100 1 _aBorges, A.
100 1 _aValle, T.L.
100 1 _aVeasey, E.A.
245 1 _aA comparative genetic diversity assessment of industrial and household Brazilian cassava varieties using SSR markers
650 _aMANDIOCA
650 _aVARIAÇÃO GENÉTICA
650 _aGENÓTIPO
650 _aPOLIMORFISMO
773 0 _tBragantia (Brazil)
_xISSN 0006-8705
_g(oct-dec 2011), v. 70(4) p. 745-752
_wBR2013003825
909 _a202311
_bLúcia
_c55
_dLúcia Elande
942 _2AGRIS
_n0
_cANA
999 _c228092
_d228092